ბათუმის შოთა რუსთაველის სახელმწიფო უნივერსიტეტის ბიბლიოთეკა

სიტყვა იყო ღმერთი : (ბიბ.ჩანაწერი № 42514)

000 -ლიდერი
ფიქსირებული სიგრძის საკონტროლო ველი 01024nam a2200229Ia 4500
001 - საკონტროლო ნომერი
საკონტროლო ველი 9211
003 - საკონტროლო ნომრის იდენტიფიკატორი
საკონტროლო ველი GE_BSU
005 - ბოლო ოპერაციის თარიღი და დრო
საკონტროლო ველი 20221213113123.0
008 - ფიქსირებული სიგრძის მონაცემთა ელემენტები - ზოგადი ინფორმაცია
ფიქსირებული სიგრძის საკონტროლო ველი 181216s1980ge xx |||||||||||||| ||geo||
040 ## - კატალოგიზაციის წყარო
Transcribing agency GE_BSU
041 ## - ენის კოდი
Language code of text/sound track or separate title geo
080 ## - უნივერსალური ათობითი კლასიფიკაციის ინდექსი
Universal Decimal Classification number 821.353.1-32 ₾-85
100 ## - მთავარი ჩანაწერი - პიროვნების სახელი
Personal name ლორთქიფანიძე,კონსტანტინე
9 (RLIN) 16374
245 ## - ცნობა სათაურის შესახებ
Title სიტყვა იყო ღმერთი :
Remainder of title ახალი მოთხრობები /
Statement of responsibility, etc კ.ლორთქიფანიძე, რედ. ვალენტინა ძიძიგური
250 ## - გამოცემის ცნობა
Edition statement პირველი გამოცემა
264 ## - წარმოების, გამოცემის, დისტრიბუციის და სხვა ცნობები
გამოცემის, წარმოების, დისტრიბუციის... ადგილი ქუთაისი :
გამოცემის, წარმოების, დისტრიბუციის... სახელწოდება საბჭ.საქართველო,
გამოცემის, წარმოების, დისტრიბუციის... თარიღი 1980.
300 ## - ფიზიკური აღწერა
Extent 375 გვ;
Other physical details 17 სმ.
653 ## - INDEX TERM--UNCONTROLLED
Uncontrolled term ახალი მოთხრობები
653 ## - INDEX TERM--UNCONTROLLED
Uncontrolled term სიტყვა იყო ღმერთი
700 ## - ADDED ENTRY--PERSONAL NAME
Personal name ძიძიგური, ვალენტინა
Relator term რედაქტორი
9 (RLIN) 16375
942 ## - ADDED ENTRY ELEMENTS (KOHA)
Koha item type წიგნი
Source of classification or shelving scheme
ეგზემპლარები
ჩამოწერის სტატუსი დაკარგული ეგზემპლარის სტატუსი კლასიფიკაციის წყარო ან თაროზე გაწყობის სქემა დაზიანების სტატუსი არ გაიცემა მუდმივი მდებარეობა (დაცვის ადგილი) ამჟამინდელი ადგილსამყოფელი თაროზე განთავსების ადგილი შეძენის თარიღი ღირებულება, შესყიდვის ნორმალური ფასი სრული შენახვის შიფრი შტრიხკოდი ბოლო ოპერაციის თარიღი ეგზემპლარის მიმდევრობითი ნომერი (კეტერი?) ფასის ძალაში შესვლის თარიღი ეგზემპლარის სახეობა საჯარო შენიშვნა
          ბათუმის შოთა რუსთაველის სახელმწიფო უნივერსიტეტის მთავარი ბიბლიოთეკა ბათუმის შოთა რუსთაველის სახელმწიფო უნივერსიტეტის მთავარი ბიბლიოთეკა წიგნსაცავი 2018-12-17 6.00 821.353.1-32 ₾-85 32077 2018-12-17 32077 2018-12-17 წიგნი 6.00
          ბათუმის შოთა რუსთაველის სახელმწიფო უნივერსიტეტის მთავარი ბიბლიოთეკა ბათუმის შოთა რუსთაველის სახელმწიფო უნივერსიტეტის მთავარი ბიბლიოთეკა წიგნსაცავი 2022-12-13 6.00 821.353.1-32 ₾-85 63279 2022-12-13 63279 2022-12-13 წიგნი 6.00